| 000 | 00883nam0a22002651 4500 | ||
|---|---|---|---|
| 001 | rc\2734000 | ||
| 005 | 20260406110014.0 | ||
| 035 | _a(NLR Aleph) 006861335 | ||
| 090 |
_a6850763 _c6850763 |
||
| 100 | _a20110915d1937 |||y0rusy50 ca | ||
| 101 | 1 |
_arus _chun |
|
| 102 | _aRU | ||
| 105 | _ae z |||a| | ||
| 200 | 1 |
_aДобердо _eРоман _eПер. с венгер. _fМатэ Залка |
|
| 210 |
_a[Москва] _cСов. писатель _d1937 _gтип. им. Сталина |
||
| 215 |
_aПереплет, 262, [2] с. _d20х13 см. |
||
| 300 | _aПереплет и тит. л.: И. Николаевцев | ||
| 700 | 1 |
_7ca _8rus _aЗалка _bМ. _f1896-1937 _gМате _3RU\NLR\AUTH\77104732 _987657 |
|
| 801 | 0 |
_aRU _bNLR _gpsbo |
|
| 801 | 1 |
_aRU _bELAR _2rusmarc |
|
| 852 |
_aNLR _j37-3/1223 |
||
| 852 |
_aNLR _jЛ60 В-3/222 |
||
| 942 | _cBOOK | ||
| 980 | _aNB | ||